| 000 -LEADER |
| fixed length control field |
00833cam a22002175i 4500 |
| 001 - CONTROL NUMBER |
| control field |
21580545 |
| 005 - DATE AND TIME OF LATEST TRANSACTION |
| control field |
20210922135121.0 |
| 008 - FIXED-LENGTH DATA ELEMENTS--GENERAL INFORMATION |
| fixed length control field |
151028s2016 gw |||| o |||| 0|eng |
| 020 ## - INTERNATIONAL STANDARD BOOK NUMBER |
| International Standard Book Number |
9783319241586 |
| 041 ## - LANGUAGE CODE |
| Language code of text/sound track or separate title |
eng |
| 080 ## - UNIVERSAL DECIMAL CLASSIFICATION NUMBER |
| Universal Decimal Classification number |
378.245.5+808.2+653 Z-62 |
| 100 1# - MAIN ENTRY--PERSONAL NAME |
| Personal name |
Zhang, Yuehong (Helen). |
| 9 (RLIN) |
12526 |
| 245 10 - TITLE STATEMENT |
| Title |
Against Plagiarism : |
| Remainder of title |
A Guide for Editors and Authors / |
| Statement of responsibility, etc. |
by Yuehong (Helen) Zhang. |
| 264 #1 - PRODUCTION, PUBLICATION, DISTRIBUTION, MANUFACTURE, AND COPYRIGHT NOTICE |
| Place of production, publication, distribution, manufacture |
Hangzhou : |
| Name of producer, publisher, distributor, manufacturer |
Springer , |
| Date of production, publication, distribution, manufacture, or copyright notice |
2016. |
| 300 ## - PHYSICAL DESCRIPTION |
| Extent |
162 p. |
| Other physical details |
25 cm. |
| 490 1# - SERIES STATEMENT |
| Series statement |
Qualitative and Quantitative Analysis of Scientific and Scholarly Communication, |
| International Standard Serial Number |
2365-8371 |
| 653 ## - INDEX TERM--UNCONTROLLED |
| keyword |
გამომცემლები და გამომცემლობა |
| 653 ## - INDEX TERM--UNCONTROLLED |
| keyword |
კომუნიკაცია |
| 653 ## - INDEX TERM--UNCONTROLLED |
| keyword |
საკომუნიკაციო კვლევები |
| 942 ## - ADDED ENTRY ELEMENTS (KOHA) |
| Source of classification or shelving scheme |
|
| Koha item type |
წიგნი |